LEADER 00914nam1 2200349 450 001 990002730710203316 005 20060406125709.0 035 $a000273071 035 $aUSA01000273071 035 $a(ALEPH)000273071USA01 035 $a000273071 100 $a20060406d--------km-y0itay0103----ba 101 $afre 102 $aFR 105 $aa|||||||001yy 200 1 $a<>'Âge du bronze en France 210 $aParis$cPicard 215 $av.$cill.$d28 cm 410 0$12001 454 1$12001 461 1$1001-------$12001 463 \1$1001990002730720203316$12001 $a<> : <> Ors préhistoriques 607 0 $aFrancia$xstoria 676 $a944 801 0$aIT$bsalbc$gISBD 912 $a990002730710203316 951 $aP13 233$bDISTRA 959 $aBK 969 $aDISTRA 979 $aDISTRA2$b10$c20060406$lUSA01$h1257 996 $aÂge du bronze en France$91000887 997 $aUNISA LEADER 01151nam a2200277 i 4500 001 991001566989707536 005 20020502185419.0 008 940324s1966 sp ||| | spa 035 $ab10870349-39ule_inst 035 $aLE02371890$9ExL 040 $aDip.to Studi Storici$bita 082 0 $a946.05 100 1 $aBatllori, Miguel$0168708 245 13$aLa cultura hispano-italiana de los jesuitas expulsos :$bespanoles, hispanoamericanos, filipinos, 1767-1814 /$cMiguel Batllori 260 $aMadrid :$beditorial Gredos,$c1966 300 $a694 p. ;$c20 cm. 490 0 $aBiblioteca Romanica Hispanica. Estudios y ensayos ;$v2 650 4$aCultura - Spagna 650 4$aGesuiti 907 $a.b10870349$b23-02-17$c28-06-02 912 $a991001566989707536 945 $aLE023 946.05 BAT 1 1$g1$i2023000028537$lle023$o-$pE0.00$q-$rl$s- $t0$u0$v0$w0$x0$y.i10978628$z28-06-02 945 $aLE009 STOR.85-4$g1$i2009000260221$lle009$o-$pE0.00$q-$rl$s- $t0$u0$v0$w0$x0$y.i13226381$z29-03-04 996 $aCultura Hispano-Italiana de los Jesuitas expulsos$9519524 997 $aUNISALENTO 998 $ale023$ale009$b01-01-94$cm$da $e-$fspa$gsp $h3$i2